[Event "Sinquefield Cup 5th"]
[Site "Saint Louis"]
[Date "2017.08.06"]
[Round "5"]
[White "So, Wesley"]
[Black "Carlsen, Magnus"]
[Result "0-1"]
[WhiteElo "2810"]
[BlackElo "2822"]
[Annotator "Mekhitarian,Krikor Sevag"]
[PlyCount "58"]
[EventDate "2017.08.02"]
[EventType "tourn"]
[EventRounds "9"]
[EventCountry "USA"]
[EventCategory "22"]
[SourceTitle "CBM 180"]
[Source "ChessBase"]
[SourceDate "2017.09.13"]
[SourceVersion "1"]
[SourceVersionDate "2017.09.13"]
[SourceQuality "1"]

1. e4 e5 2. Nf3 Nc6 3. d4 exd4 4. Nxd4 {It is kind of funny that Carlsen has played only 4 classical games in the Scotch Game since he became a grandmaster. Probably another reason for Wesley So to try it against the reigning World Champion.} Bb4+ $5 {An off-beat variation, forcing White to play c3, and removing that ideal square for the b1-knight. Magnus himself said he wasn't expecting the Scotch and just thought about playing some variation to try and develop his pieces.} (4... Nf6 {is the most popular response, with well-known variations after the most ambitious 5.xc6 followed by 6.e5, or the simpler 5.c3.}) (4... Bc5 {when White has options between the old moves xc6 and e3, or the more fashionable b3 followed by c3, e2, e3 or g5 and possibly castling queenside.}) 5. c3 Be7 $6 {should be inferior for Black. We arrive in a Philidor-type position, where White has sound pieces and a space advantage.} (5... Bc5 $5 {is also possible, now in the xc6 and b3 variations, the b1-knight would like to go to c3.} 6. Be3 Bb6 {and here White would be happy to play c3-d5 as well, justifying the ...b4+ and ...c5 manoeuvre.} (6... Qf6 $2 {now this wouldn't make any sense, since the pawn is already on c3 (this is played in the line after 4...c5 where White still has the pawn on c2)}) 7. Nf5 $1 g6 8. Bxb6 axb6 9. Ne3 Nf6 10. f3 Qe7 (10... O-O 11. c4 {and White tries to keep a positional advantage. Black has an interesting piece sacrifice with ...d5 now:} d5 12. cxd5 Nxe4 13. fxe4 Qh4+ 14. Kd2 Qxe4 15. Bd3 Qd4 16. Qb3 Re8 17. Re1 Ne5 18. Na3 Nxd3 $2 (18... Bd7 $5 $40) 19. Qxd3 $6 (19. Nac2 $1 $18) 19... Qxb2+ 20. Nac2 Bd7 (20... Qe5 $1 $132) 21. Qc3 $16 {1-0 (30) Danin,A (2581)-Zeller,F (2402) Wunsiedel 2016}) 11. Be2 $5 (11. c4 Qb4+ 12. Qd2 Qxd2+ 13. Kxd2 {with a pleasant endgame} d6 14. Nc3 Kd8 15. Be2 Re8 16. Rac1 $14 {1-0 (40) Yu,Y (2662)-Salem,A (2570) Kocaeli 2013}) 11... Qc5 12. Qd2 h5 $6 13. Na3 Qe7 $2 14. Nd5 Nxd5 15. exd5 Ne5 16. d6 $1 Qxd6 17. Qxd6 cxd6 18. Nb5 Ke7 19. a4 $18 {1-0 (47) Duda,J (2693)-Degraeve,J (2592) Chartres 2017}) 6. Nxc6 bxc6 7. Bd3 (7. Bc4 $5 Nf6 8. e5 $36) 7... d6 8. O-O Nf6 9. Re1 ({RR} 9. h3 O-O 10. Be3 Nd7 11. f4 a5 12. Nd2 a4 13. Qc2 Ba6 14. b4 axb3 15. axb3 Bxd3 16. Qxd3 d5 17. e5 Re8 18. b4 Bf8 19. Nf3 Qe7 20. Bf2 Rxa1 21. Rxa1 f6 22. Ra6 Qf7 23. Bd4 c5 {Tari,A (2570)-Kovalenko,I (2651) Fornebu 2016 ½-½ (59)}) ({RR} 9. Nd2 O-O 10. h3 Nd7 11. Re1 Bf6 12. Nf3 Re8 13. Bf4 a5 14. e5 dxe5 15. Nxe5 Nxe5 16. Bxe5 Ba6 17. Bxf6 Rxe1+ 18. Qxe1 Qxd3 19. Bd4 c5 20. Bxc5 Qb5 21. Bd4 Re8 22. Qd2 Re2 23. Qf4 Qxb2 {Melian,J (2333)-Gomez,C (2412) Buenos Aires ARG 2025 1-0}) 9... O-O 10. Nd2 {I like White's position here, the knight will be well placed on f3, Black has to be watching for moves like e5.} Re8 11. Nf3 $146 ({RR} 11. h3 Nd7 12. Nf3 Bf6 13. Bf4 Ne5 14. Nxe5 Bxe5 15. Be3 Qh4 16. Qd2 Qe7 17. f4 Bf6 18. Re2 c5 19. Rf1 Bb7 20. e5 Bh4 21. Qc2 g6 22. Bb5 Red8 23. exd6 Qxd6 24. f5 g5 25. Bc4 Rab8 {Gusain,H (2444)-Mohammad Fahad,R (2234) Dhaka 2018 1-0}) 11... Nd7 {A natural reaction - the knight stands well on c5 in these kind of structures, but this will be the start of his problems as well.} 12. Bf4 Nc5 13. Bc2 Bg4 $6 (13... Ne6 $5 14. Be3 c5 {followed by ...b8 and ...a5} 15. b4 $5 {trying to avoid that plan} cxb4 16. cxb4 $14) 14. h3 Bh5 15. Be3 $1 {Threatening to destroy Black's structure; this is the key move to look for an advantage. Carlsen said in the post-mortem that his position started to deteriorate now, after this and 16.a4!, that he missed.} Nd7 (15... Qb8 16. Bxc5 dxc5 17. Rb1 $16 {has to be ugly for Black.}) 16. Ba4 $1 c5 (16... Ne5 $2 17. g4 $1 Nxf3+ 18. Qxf3 Bg6 19. Bxc6 $18 {is simply lost for Black.}) 17. g4 $5 (17. e5 $1 {was a very interesting pawn sacrifice:} Bxf3 (17... Nxe5 18. g4 $1 Bg6 19. Nxe5 dxe5 20. Bxe8 $18) (17... Rb8 18. b3 Bxf3 19. Qxf3 Nxe5 20. Qe4 Rf8 21. Rad1 $44) 18. Qxf3 Nxe5 19. Qe4 {hitting the e8-rook} Rf8 20. Rad1 {threatening to take on c5} Qc8 21. Bxc5 (21. b4 $5 cxb4 22. cxb4 $44 {trying to maintain the pressure, without exchanging anything.}) 21... dxc5 22. Qxe5 Bd6 23. Qe4 $16 {with good prospects.}) 17... Bg6 18. e5 (18. Bc6 $1 Rb8 19. b4 {was a very strong hidden idea} h5 $1 {with a double-edged position, that should be safe enough for White} (19... cxb4 $2 20. Qa4 $1 {winning the e8 exchange by force, because now b6 is under control} (20. Bxa7 $6 Ra8 $1 21. Bxa8 $2 Qxa8 22. Be3 Bxe4 $19 {is horrible for White}) 20... Nb6 21. Bxb6 axb6 22. Bxe8 Qxe8 23. Qxe8+ Rxe8 24. cxb4 $18 {should be simply winning}) 20. bxc5 hxg4 21. hxg4 $16) 18... Rb8 19. Bf4 $2 {Now many simplifications take place, Carlsen equalises and gets the initiative suddenly.} (19. b3 $1 $16 {was simple and strong, Black still has to solve many problems.}) 19... Rxb2 $1 20. exd6 $2 (20. Bxd7 $1 {was the best chance to equalise} Qxd7 21. exd6 cxd6 22. Ne5 Qc7 (22... Qc8 23. Nxg6 hxg6 24. Bxd6 $11) 23. Nc4 $11) 20... Bxd6 $1 21. Rxe8+ Qxe8 22. Bxd6 cxd6 23. Qxd6 (23. Nd2 {the computer suggests this very sad idea to survive, a hard decision to make after giving away a pawn. On the other hand, there is a c4 threat} d5 24. Nb3 Qe7 25. Bxd7 Qxd7 26. Nxc5 Qd6 27. Qd4 h5 $36) 23... Qe2 $1 {Maybe So missed this move.} 24. Qg3 Nf8 $1 $17 {White has many problems now, with the weak king, weak pawns and having to control Black's initiative.} 25. Re1 Rb1 $1 26. Rxb1 Bxb1 {At least the a2-pawn will be lost, White is in deep trouble.} 27. Bc6 (27. a3 Be4 $1 {with mating ideas as well} 28. Nh2 Qe1+ 29. Nf1 Qb1 $1 {threatening the unstoppable ...d3} 30. f4 Bd3 31. Qf3 c4 $19 {Black will take on c3 at the proper time and win the game.}) 27... Bxa2 $19 28. Qd6 Qc4 $1 29. Ne5 Qxc3 {With no counterplay left, and two pawns down, White had to resign.} 0-1

[Event "Sinquefield Cup 5th"]
[Site "Saint Louis"]
[Date "2017.08.09"]
[Round "7"]
[White "Svidler, Peter"]
[Black "Carlsen, Magnus"]
[Result "1/2-1/2"]
[WhiteElo "2749"]
[BlackElo "2822"]
[PlyCount "93"]
[EventDate "2017.08.02"]
[EventType "tourn"]
[EventRounds "9"]
[EventCountry "USA"]
[EventCategory "22"]
[SourceTitle "CBM 180"]
[Source "ChessBase"]
[SourceDate "2017.09.13"]
[SourceVersion "1"]
[SourceVersionDate "2017.09.13"]
[SourceQuality "1"]

1. e4 e5 2. Nf3 Nc6 3. d4 exd4 4. Nxd4 Nf6 5. Nxc6 bxc6 6. e5 Qe7 7. Qe2 Nd5 8. c4 Ba6 9. b3 g6 10. f4 d6 11. Qf2 Nf6 12. Ba3 Qe6 13. Be2 dxe5 14. Bxf8 Kxf8 15. O-O exf4 16. Qxf4 Kg7 17. Nc3 Rae8 18. Bf3 Qe3+ 19. Qxe3 Rxe3 20. Na4 Bc8 21. Bxc6 Rd8 22. Rae1 Rxe1 23. Rxe1 Rd2 24. Nc3 Rc2 25. Nb5 Rxa2 26. Nxc7 Rb2 27. Ne8+ Nxe8 28. Rxe8 Be6 29. Bd5 $146 ({RR} 29. Ba4 Ra2 30. Bc6 Kf6 31. Bd5 a5 32. Bxe6 fxe6 33. Rb8 Ke5 34. Rb6 Rb2 35. Rb5+ Kd4 36. Rxa5 Rxb3 37. Ra7 e5 38. Rxh7 Rb2 39. Rg7 e4 {½-½ (39) Bakalchuk,J (2456)-Khmelniker,I (2483) Israel 2019}) 29... Bxd5 30. cxd5 Rxb3 31. d6 Rd3 32. Ra8 Rxd6 33. Rxa7 Rd2 34. Ra6 g5 35. h3 h5 36. Ra5 Kg6 37. Rb5 Ra2 38. Kf1 Ra6 39. Kf2 f5 40. Rb8 Ra2+ 41. Kf3 Ra3+ 42. Kf2 g4 43. hxg4 hxg4 44. g3 Ra2+ 45. Kf1 Ra1+ 46. Kf2 Ra2+ 47. Kf1 1/2-1/2

[Event "Sinquefield Cup 5th"]
[Site "Saint Louis"]
[Date "2017.08.11"]
[Round "9"]
[White "Carlsen, Magnus"]
[Black "Aronian, Levon"]
[Result "1-0"]
[WhiteElo "2822"]
[BlackElo "2809"]
[Annotator "Szabo,Krisztian"]
[PlyCount "103"]
[EventDate "2017.08.02"]
[EventType "tourn"]
[EventRounds "9"]
[EventCountry "USA"]
[EventCategory "22"]
[SourceTitle "CBM 180"]
[Source "ChessBase"]
[SourceDate "2017.09.13"]
[SourceVersion "1"]
[SourceVersionDate "2017.09.13"]
[SourceQuality "1"]

1. e4 {Postny,Evgeny} e5 2. Nf3 Nc6 3. Bb5 a6 4. Ba4 Nf6 5. O-O Be7 6. Re1 b5 7. Bb3 O-O 8. a4 b4 ({RR} 8... Bb7) 9. a5 ({RR} 9. d4 d6 10. dxe5 dxe5 11. Nbd2 Bc5 12. a5 Be6 13. Bxe6 fxe6 14. Qe2 Ng4 15. Rf1 Bxf2+ ({RR} 15... Nd4 16. Qc4 Qd6) 16. Rxf2 Nd4 17. Qc4 ({RR} 17. Qd3 Nxf2 18. Kxf2) 17... Nxf2 18. Kxf2 Qh4+ 19. Kg1 Qg4 20. h3 Qg3 21. Qd3 Rxf3 22. Nxf3 Rf8 23. Nxd4 Qe1+) 9... d6 10. d3 Be6 11. Bxe6 {A relatively new idea. White exchanges the bishops, opens the f-file for Black, but he hopes that the double-pawns on the e-file will be a weakness for Black.} (11. Nbd2 {is the another main move.}) 11... fxe6 12. Nbd2 Rb8 13. c3 ({In the first round Carlsen had this line with Black too,} 13. Nb3 Qc8 14. Qe2 ({RR} 14. Qe2 Nd8 15. d4 exd4 16. Nbxd4 c5 17. Nb3 e5 18. Nbd2 Ne6 19. Nc4 Nd4 20. Nxd4 cxd4 21. Nb6 Qc6 22. Bg5 Bd8 23. Bxf6 Bxb6 24. axb6 Rxf6 25. Rxa6 h6 26. Qd3 Rxb6) 14... Nd8 15. d4 exd4 16. Nbxd4 c5 17. Nb3 e5 18. Nbd2 Ne6 19. Nc4 Nd4 20. Nxd4 cxd4 21. Nb6 Qc6 22. Bg5 Bd8 23. Bxf6 Bxb6 24. axb6 Rxf6 25. Rxa6 h6 26. Qd3 Rxb6 $11 {Caruana-Carlsen, Saint Louis 2017, with an equal position.}) ({RR} 13. Nc4 Nd7 14. h3 Rb5 15. Qe2 Bf6 16. Bd2 Qe8 17. Be3 Qg6 18. c3 Rfb8 19. Ncd2 bxc3 20. bxc3 Qe8 21. d4 exd4 22. cxd4 Nxa5 23. Nc4 Nxc4 24. Qxc4 c5 25. Rxa6 Rb4 26. Qc3 Nb6 27. e5 Nd5 {Agmanov,Z (2480)-Gupta,A (2577) Al Ain UAE 2025 ½-½ (55)}) ({RR} 13. Nb3 Qc8 14. h3 Nd8 ({RR} 14... Na7 15. d4 exd4 16. e5 dxe5 17. Nxe5 c5 18. Nc4) 15. Be3 ({RR} 15. d4 exd4 16. Qxd4 ({RR} 16. e5 dxe5 17. Nxe5 c5 18. Nc4 Nd5) 16... c5 17. Qc4 d5 18. exd5 exd5 19. Qe2 Bd6) 15... c5 16. Nbd2 Nc6 17. c3 Rb5 18. d4 ({RR} 18. Nc4 h6) 18... exd4 ({RR} 18... cxd4 19. cxd4 Nxa5 20. Qe2 Qb7 21. Qd3) ({RR} 18... bxc3 19. bxc3 exd4 20. cxd4 c4 21. Nxc4 Nxe4 22. Nb6 Qe8 23. d5 Nc3 24. Qd3 Nxd5 25. Nxd5 Rxd5 26. Qxa6 Bf6) 19. cxd4 Nxa5 20. dxc5 ({RR} 20. e5 dxe5 21. dxc5 Nd5 22. Ne4 Nxe3 23. Rxe3 Nb7 24. Nxe5 Nxc5 25. Rc1 Qd8 26. Qxd8 Rxd8 27. Nc6 Nxe4 28. Nxd8 Bg5 29. Nxe6 Bxe3 30. fxe3 a5) 20... dxc5 21. Ra2 ({RR} 21. Rc1 Rd8 22. Qa4 Qb7) 21... Qb7 ({RR} 21... Nd7 22. Qe2 Nb8) 22. b3 Kh8 ({RR} 22... Nxe4 23. Nxe4 Qxe4 24. Bg5 Qb7 25. Rd2 Qa7 26. Rde2) ({RR} 22... Nd7) 23. Qc2 Nd7 24. Rea1 Bd8 25. Nc4 Nxc4 26. Qxc4 Bf6 27. Rd1 Qc6 {So,W (2799)-Aronian,L (2794) Berlin 2018 CBM 184 [Postny,Evgeny] 1-0 (78)}) 13... Qe8 ({RR} 13... Rb5 14. d4 bxc3 15. bxc3 exd4 16. cxd4 Qc8 17. Ba3 Nxa5 18. Qc2 c5 19. e5 dxe5 20. dxc5 Nc6 21. Ne4 Nxe4 22. Rxe4 Rd8 23. Rae1 Bf6 24. h4 h6 25. R4e3 Rd5 26. g4 Qe8 27. Kg2 h5 28. g5 {Caruana,F (2842)-Ding,L (2805) Ekaterinburg 2021 ½-½ (40)}) 14. Nc4 $146 {A novelty by Carlsen.} ({Recently} 14. d4 {was played by Topalov,} bxc3 15. bxc3 exd4 16. cxd4 Rb5 17. Nc4 Qg6 18. Qe2 Nd7 $13 {Topalov-Adams, Shamkir 2017, with an unclear middlegame.}) 14... Qg6 15. h3 $146 ({RR} 15. Bd2 Rb5 16. cxb4 Nxb4 17. Bxb4 Rxb4 18. Rc1 Nh5 19. g3 Nf4 20. Rc2 c5 21. Kf1 Nh3 22. Ng1 Nxg1 23. Kxg1 h5 24. Re3 Rf7 25. Rc3 Qf6 26. Rc2 Qg6 27. Rf3 h4 28. Rxf7 Kxf7 29. Rc3 Qg5 {Papp,G (2558)-Bagi,M (2446) Ajka HUN 2023 1-0 (65)}) ({RR} 15. Be3 Rb5 16. Qe2 Nd7 17. Ncd2 bxc3 18. bxc3 d5 19. c4 Rb2 20. cxd5 exd5 21. exd5 Nb4 22. Reb1 Rxb1+ 23. Rxb1 Nxd5 24. Ne4 Kh8 25. Nfd2 N7f6 26. Rc1 Nh5 27. g3 Nhf4 28. Bxf4 exf4 29. Rc4 Bb4 {Geher,K (2271)-Nemeth,M (2449) Balatonlelle HUN 2024 ½-½ (42)}) 15... Nd7 {A typical continuation, Black prepares for ...d5.} ({Nevertheless I prefer} 15... Nh5 $5 {like an active move to play for ...f4.}) ({RR} 15... Rb5) 16. Be3 d5 17. Ncd2 {Of course White doesn't exchange. The e5- and e6-pawns became weaker.} bxc3 18. bxc3 Nc5 19. Bxc5 $1 {At first this seems a strange move. Why does White give up his nice bishop? The knight was exerting pressure on d3; moreover after removing the knight White has an extra possibility on the next move.} Bxc5 20. Qa4 $1 {This was the point of White's previous move.} Rb2 $5 {Ambitious reply!} 21. Rf1 $1 {Very deep move! Carlsen protects his f2-pawn in advance, now the c6-knight is hanging already.} ({The careless} 21. Qxc6 $2 {loses immediately, because of} Bxf2+ $1 22. Kxf2 Rxd2+ $19 {and Black is winning.}) 21... Na7 $6 {Too passive a move!} (21... Qe8 {should have been played, however} 22. Rab1 Rxb1 23. Rxb1 $14 {and White is more comfortable.}) 22. Nxe5 Qh6 23. Ndf3 Nb5 24. Rae1 $1 {White doesn't protect the c3-pawn and he solves the problem with a nice idea.} ({Moreover} 24. Rac1 $2 {could have been met by} Rxf2 $1 25. Rxf2 Qxc1+ $19 {and Black wins.}) 24... Nxc3 ({In the event of} 24... Bd6 25. exd5 exd5 (25... Nxc3 26. Qa1 $1 $16 {important tempo!}) 26. Qa1 $1 Rc2 27. c4 $1 $16 {White is better too.}) 25. Qc6 $1 {Suddenly Black has a lot of weaknesses on the queenside. White is safe, his pieces are active, the white queen is threatening to take the pawns.} Bb4 26. Kh1 {Probably this is not the strongest move, but a good practical prophylactic reply. The king moves away from a possible ...e2+.} dxe4 (26... Ne2 27. Rb1 $16 {is similar to the text move.}) 27. dxe4 Ne2 28. Rb1 {White simplifies the position, so Black's pressure is decreasing.} Rxb1 29. Rxb1 Bd6 30. Qxa6 {Carlsen starts to eat the pawns.} Nf4 31. Qb5 c5 32. a6 {It's time to advance the passed pawn.} Bxe5 33. Nxe5 Qg5 34. Ng4 h5 35. Ne3 {White is safe.} Nxg2 {Still the best practical chance, otherwise White promotes his a-pawn without any counterplay.} 36. Nxg2 Rxf2 37. Rg1 Kh7 38. Qd3 {It is important to come back with the queen especially in time pressure.} Qe5 39. Qe3 Ra2 40. Qf4 {The best practical move. White doesn't protect his a-pawn, he wants to exchange the queens and then he can win without any difficulties.} Qc3 41. Ne3 Qf6 ({Or} 41... Rxa6 42. Qg5 $18 {and Black has no hope.}) 42. Qxf6 gxf6 43. Rc1 Rxa6 44. Kg2 $1 {Correct reply!} ({The greedy} 44. Rxc5 {could have been met by} Ra3 {and Black wins the h3-pawn and he survives.}) 44... Ra2+ 45. Rc2 Ra5 46. Kf3 Kg6 47. h4 Rb5 48. Ra2 Rb1 49. Rc2 Rb5 50. Rc3 f5 (50... Ra5 51. Ng2 $18 {is also hopeless for Black.}) 51. exf5+ exf5 52. Rd3 {A very nice victory by Carlsen!} 1-0